[Event "Rochade Steele/Kray 1 - SC Buer-Hassel "]
[Site "Verbandsklasse - Gruppe 2 201"]
[Date "2018.11.04"]
[Round "3.1"]
[White "Griebl, Joern"]
[Black "Happe, Ulrich"]
[Result "1-0"]
[WhiteElo "2173"]
[BlackElo "2091"]
[PlyCount "95"]
[EventDate "2018.??.??"]

1. e4 c5 2. Nc3 Nc6 3. g3 g6 4. Bg2 Bg7 5. d3 e6 6. Be3 d6 7. Qd2 Rb8 8. h4 h6
9. Nge2 Nge7 10. d4 b6 11. O-O-O Bb7 12. f4 e5 13. fxe5 cxd4 14. Nxd4 Nxd4 15.
Qxd4 Bxe5 16. Qa4+ Nc6 17. Nb5 Kf8 18. Bf4 Bxf4+ 19. gxf4 Qf6 20. e5 dxe5 21.
Rd6 Qxf4+ 22. Qxf4 exf4 23. Bxc6 Bxc6 24. Rxc6 Kg7 25. Nd6 Rbd8 26. Rf1 Rd7 27.
Rxf4 Rhd8 28. Rd4 Kf8 29. c3 Re7 30. Rc8 Rxc8 31. Nxc8 Rc7 32. Nd6 Ke7 33. Nb5
Rb7 34. Kd2 f5 35. h5 g5 36. Nd6 Rc7 37. Nxf5+ Kf6 38. Nxh6 Rh7 39. Ng4+ Kf5
40. h6 Rf7 41. a4 Ke6 42. b4 Rf1 43. Re4+ Kf7 44. Re1 Rf4 45. h7 Kg7 46. Re7+
Kh8 47. Ne5 Rf2+ 48. Ke3 1-0

[Event "Rochade Steele/Kray 1 - SC Buer-Hassel "]
[Site "Verbandsklasse - Gruppe 2 201"]
[Date "2018.11.04"]
[Round "3.2"]
[White "Landau, Christian"]
[Black "Bossy, Arnim"]
[Result "1/2-1/2"]
[WhiteElo "2048"]
[BlackElo "2117"]
[PlyCount "36"]
[EventDate "2018.??.??"]

1. e4 d5 2. exd5 Qxd5 3. Nc3 Qd8 4. g3 Nf6 5. Bg2 c6 6. Nge2 Bf5 7. O-O e6 8.
Rb1 Be7 9. b4 a6 10. a4 O-O 11. d3 h6 12. Bd2 Bh7 13. b5 axb5 14. axb5 Nd5 15.
bxc6 bxc6 16. Ra1 Nd7 17. Rxa8 Qxa8 18. Qa1 N7f6 1/2-1/2

[Event "Rochade Steele/Kray 1 - SC Buer-Hassel "]
[Site "Verbandsklasse - Gruppe 2 201"]
[Date "2018.11.04"]
[Round "3.3"]
[White "Wolff, Christoph"]
[Black "Kirsch, Paul"]
[Result "1-0"]
[WhiteElo "1973"]
[BlackElo "1929"]
[PlyCount "35"]
[EventDate "2018.??.??"]

1. e4 c6 2. Nc3 d5 3. Nf3 dxe4 4. Nxe4 Nf6 5. Ng3 c5 6. Bc4 Nc6 7. O-O e6 8.
Re1 Be7 9. c3 O-O 10. d4 cxd4 11. cxd4 Qc7 12. b3 Rd8 13. Qe2 Nxd4 14. Nxd4
Rxd4 15. Bb2 Rd8 16. Nf5 Bf8 17. Be5 Qc5 18. Nh6+ 1-0

[Event "Rochade Steele/Kray 1 - SC Buer-Hassel "]
[Site "Verbandsklasse - Gruppe 2 201"]
[Date "2018.11.04"]
[Round "3.4"]
[White "Laarmann, Gerd"]
[Black "Wiechen, Ulrich"]
[Result "1/2-1/2"]
[WhiteElo "1799"]
[BlackElo "1929"]
[PlyCount "39"]
[EventDate "2018.??.??"]

1. d4 d5 2. Nf3 Nf6 3. e3 Bg4 4. Nbd2 e6 5. Bd3 c5 6. c3 c4 7. Bc2 Bd6 8. e4
dxe4 9. Nxe4 Nc6 10. Bg5 Be7 11. h3 Bh5 12. Ng3 Bg6 13. O-O Qa5 14. Qd2 Bxc2
15. Qxc2 Rc8 16. Rfe1 O-O 17. Ne5 Nxe5 18. dxe5 Nd5 19. Bxe7 Nxe7 20. Re4
1/2-1/2

[Event "Rochade Steele/Kray 1 - SC Buer-Hassel "]
[Site "Verbandsklasse - Gruppe 2 201"]
[Date "2018.11.04"]
[Round "3.5"]
[White "Hirschberg, Markus"]
[Black "Greger, Helmut"]
[Result "1-0"]
[WhiteElo "1796"]
[BlackElo "1915"]
[PlyCount "63"]
[EventDate "2018.??.??"]

1. e4 g6 2. d4 Bg7 3. Be3 d6 4. Be2 c6 5. Nf3 Nf6 6. Nc3 O-O 7. Nd2 e5 8. dxe5
dxe5 9. h4 h5 10. f3 b6 11. g4 Ba6 12. Bg5 Bxe2 13. Qxe2 Qc8 14. Bxf6 Bxf6 15.
gxh5 gxh5 16. O-O-O Qa6 17. Nc4 Re8 18. Rhg1+ Kf8 19. Rd6 Re6 20. Qd3 Qb7 21.
Qe3 Ke7 22. Qh6 Nd7 23. Rxe6+ Kxe6 24. Qxh5 Rh8 25. Qf5+ Ke7 26. h5 b5 27. Ne3
b4 28. Ncd5+ cxd5 29. Nxd5+ Ke8 30. Nxf6+ Nxf6 31. Qxf6 Rf8 32. Qxe5+ 1-0

[Event "Rochade Steele/Kray 1 - SC Buer-Hassel "]
[Site "Verbandsklasse - Gruppe 2 201"]
[Date "2018.11.04"]
[Round "3.6"]
[White "Schmitz, Juergen"]
[Black "Strohmann, Andreas"]
[Result "1/2-1/2"]
[WhiteElo "1864"]
[BlackElo "1865"]
[PlyCount "44"]
[EventDate "2018.??.??"]

1. g4 d5 2. Bg2 c6 3. e4 dxe4 4. Nc3 e6 5. Nxe4 Nf6 6. d4 Be7 7. h3 O-O 8. Ne2
Nbd7 9. Bf4 Nxe4 10. Bxe4 Nf6 11. Bd3 Nd5 12. Bg3 f5 13. Qd2 b5 14. c3 a5 15.
Be5 Bg5 16. Qc2 Bd7 17. Rg1 h6 18. gxf5 exf5 19. Bxg7 Kxg7 20. h4 Qf6 21. hxg5
hxg5 22. O-O-O Kf7 1/2-1/2

[Event "Rochade Steele/Kray 1 - SC Buer-Hassel "]
[Site "Verbandsklasse - Gruppe 2 201"]
[Date "2018.11.04"]
[Round "3.7"]
[White "Lazarev, Vadim"]
[Black "Schroeder, Marcel"]
[Result "1-0"]
[WhiteElo "1759"]
[BlackElo "1515"]
[PlyCount "51"]
[EventDate "2018.??.??"]

1. e4 c5 2. Nc3 Nc6 3. g3 g6 4. Bg2 Bg7 5. Nge2 e6 6. O-O Nge7 7. f4 O-O 8. d3
b6 9. Be3 Bb7 10. d4 cxd4 11. Nxd4 Nxd4 12. Bxd4 d6 13. Bxg7 Kxg7 14. Qd4+ f6
15. Rad1 Nc8 16. Nb5 Ba6 17. a4 Bxb5 18. axb5 Qc7 19. b4 Qxc2 20. Rc1 Qa4 21.
Qc4 Ne7 22. Ra1 d5 23. exd5 exd5 24. Bxd5 Rac8 25. Rxa4 Rxc4 26. Bxc4 1-0

[Event "Rochade Steele/Kray 1 - SC Buer-Hassel "]
[Site "Verbandsklasse - Gruppe 2 201"]
[Date "2018.11.04"]
[Round "3.8"]
[White "Thirumoolanathan, Aruran"]
[Black "Wingerning, Gerd"]
[Result "1/2-1/2"]
[WhiteElo "1553"]
[BlackElo "1738"]
[PlyCount "42"]
[EventDate "2018.??.??"]

1. Nf3 Nf6 2. g3 d5 3. Bg2 Bf5 4. c4 c6 5. Qb3 Qc8 6. Ne5 e6 7. d4 Nbd7 8. Bf4
Be7 9. Nd2 Nxe5 10. Bxe5 O-O 11. O-O h6 12. cxd5 exd5 13. Rfe1 Qd7 14. e4 Be6
15. Qc2 Rfe8 16. f4 Bh3 17. f5 Bxg2 18. Kxg2 dxe4 19. Nxe4 Qd5 20. Kh3 Nxe4 21.
Qxe4 Qxe4 1/2-1/2

[Event "SC Rochade Rüttenscheid 1 - SG Witten "]
[Site "Verbandsklasse - Gruppe 3 201"]
[Date "2018.11.04"]
[Round "3.1"]
[White "Baldszun, Martin-Andreas"]
[Black "Lindenmaier, Reinhard"]
[Result "1/2-1/2"]
[WhiteElo "1847"]
[BlackElo "2017"]
[PlyCount "72"]
[EventDate "2018.??.??"]

1. e4 c6 2. d4 d5 3. Nc3 dxe4 4. Nxe4 Bf5 5. Ng3 Bg6 6. Nf3 Nd7 7. Nh4 e6 8.
Nxg6 hxg6 9. c3 Ngf6 10. Bg5 Qc7 11. Qf3 O-O-O 12. Ne4 Be7 13. O-O-O Qa5 14.
Bc4 Qf5 15. Qxf5 gxf5 16. Nxf6 Bxf6 17. Bf4 Nb6 18. Bb3 Nd5 19. Bd2 g5 20. c4
Nc7 21. Bc3 Rh4 22. Rd3 g4 23. Kc2 Rdh8 24. h3 Rd8 25. Rhd1 gxh3 26. Rxh3 Rxh3
27. gxh3 Rh8 28. Rd3 Rh4 29. d5 Bxc3 30. Rxc3 Rf4 31. f3 Rh4 32. Kd3 e5 33. d6
Rd4+ 34. Ke2 Rxd6 35. c5 Rh6 36. f4 Nb5 1/2-1/2

[Event "SC Rochade Rüttenscheid 1 - SG Witten  "]
[Site "Verbandsklasse - Gruppe 3 201"]
[Date "2018.11.04"]
[Round "3.2"]
[White "Dorgarten, Armin"]
[Black "Werschmoeller, Thomas"]
[Result "1-0"]
[WhiteElo "1901"]
[BlackElo "1847"]
[Annotator "Daniel"]
[PlyCount "95"]
[EventDate "2018.??.??"]

1. d4 d5 2. Bf4 Nf6 3. e3 Bf5 4. c4 e6 5. Qb3 Nbd7 6. Nc3 a5 7. a3 Nb6 8. c5 a4
9. Qb5+ Nbd7 10. Nf3 Ra7 11. Nxa4 c6 12. Qb3 Qa5+ 13. Nc3 Ne4 14. Be2 Be7 15.
O-O Nxc3 $11 16. Qxc3 Qxc3 17. bxc3 h6 18. Ra2 f6 19. Rfa1 Kf7 20. Ne1 e5 21.
Bg3 Rha8 22. a4 Ra5 23. Bd3 Bxd3 24. Nxd3 e4 25. Nb4 Bd8 26. Kf1 Nf8 27. Ke2
Ne6 28. h3 Bc7 29. Bxc7 Nxc7 30. Kd2 Ke7 31. Kc2 f5 32. f4 exf3 33. gxf3 Rf8
34. Rg1 g5 35. Nd3 Ne6 36. Ne5 Rd8 37. Rb1 Ra7 38. Rab2 Kf6 39. Rxb7 Rxb7 40.
Rxb7 Nxc5 41. Rf7+ Ke6 42. Rh7 Nd7 43. Nxd7 Rxd7 44. Rxh6+ Ke7 45. Rh7+ Ke6 46.
Rxd7 Kxd7 47. Kb3 Kc7 48. Kb4 1-0

[Event "SC Rochade Rüttenscheid 1 - SG Witten "]
[Site "Verbandsklasse - Gruppe 3 201"]
[Date "2018.11.04"]
[Round "3.3"]
[White "Hustert, Volker"]
[Black "Richters, Marc"]
[Result "1-0"]
[WhiteElo "1911"]
[BlackElo "1877"]
[PlyCount "69"]
[EventDate "2018.??.??"]

1. e4 c5 2. Nf3 d6 3. d4 cxd4 4. Nxd4 Nf6 5. Nc3 Nc6 6. Be2 Qb6 7. Nb3 a5 8.
Be3 Qd8 9. O-O a4 10. Nd2 a3 11. Rb1 d5 12. exd5 Nxd5 13. Nxd5 Qxd5 14. Bc4 Qf5
15. Bd3 Qf6 16. Ne4 Qe5 17. bxa3 Rxa3 18. Bc5 Rxd3 19. cxd3 f5 20. Nd6+ exd6
21. Re1 Be7 22. Rxe5 Nxe5 23. Ba3 O-O 24. Qb3+ Kh8 25. Qd5 Nc6 26. Re1 f4 27.
Bxd6 Rf5 28. Be5 Bb4 29. Re4 Be7 30. d4 f3 31. Rf4 Rxf4 32. Bxf4 fxg2 33. Qf7
g5 34. Bxg5 Bh3 35. Bh6 1-0

[Event "SC Rochade Rüttenscheid 1 - SG Witten "]
[Site "Verbandsklasse - Gruppe 3 201"]
[Date "2018.11.04"]
[Round "3.4"]
[White "Koprek, Juergen"]
[Black "Hustert, Dirk"]
[Result "1/2-1/2"]
[WhiteElo "1826"]
[BlackElo "2035"]
[PlyCount "73"]
[EventDate "2018.??.??"]

1. d4 d5 2. c4 e6 3. Nc3 Nf6 4. Bg5 Be7 5. e3 O-O 6. Nf3 Nbd7 7. Rc1 c6 8. Bd3
dxc4 9. Bxc4 c5 10. O-O b6 11. Qe2 Bb7 12. Rfd1 cxd4 13. Nxd4 a6 14. Nxe6 fxe6
15. Bxe6+ Kh8 16. Bxf6 Bxf6 17. Rxd7 Qb8 18. Rxb7 Qxb7 19. Bd5 Qa7 20. Bxa8
Qxa8 21. Qf3 Qb8 22. Qg4 b5 23. Qb4 Qd8 24. Ne4 Be7 25. Qb3 Qd7 26. Rd1 Qf5 27.
f3 h6 28. Qd5 Qg6 29. Nf2 Qb6 30. Re1 Rd8 31. Qe4 Qa5 32. Kf1 Bf6 33. Rd1 Rxd1+
34. Nxd1 Qxa2 35. Qe8+ Kh7 36. Qe4+ Kh8 37. Qe8+ 1/2-1/2

[Event "SC Rochade Rüttenscheid 1 - SG Witten "]
[Site "Verbandsklasse - Gruppe 3 201"]
[Date "2018.11.04"]
[Round "3.5"]
[White "Wendehals, Thomas"]
[Black "Storp, Thomas"]
[Result "1-0"]
[WhiteElo "1748"]
[BlackElo "1821"]
[PlyCount "81"]
[EventDate "2018.??.??"]

1. e4 e5 2. Nf3 Nc6 3. Bb5 d6 4. d4 exd4 5. Nxd4 Bd7 6. Nc3 Nf6 7. Bg5 Be7 8.
Bxc6 bxc6 9. Qf3 O-O 10. Nf5 Bxf5 11. Qxf5 Nd7 12. Bxe7 Qxe7 13. O-O Nc5 14. f3
Ne6 15. Ne2 g6 16. Qa5 Rfb8 17. b3 Qf6 18. Qd2 Qe5 19. Rad1 a5 20. Nc3 Nf4 21.
Kh1 Ne6 22. f4 Qh5 23. f5 gxf5 24. Rxf5 Qg6 25. Rdf1 Rf8 26. Ne2 Qg7 27. Ng3
Kh8 28. Nh5 Qd4 29. Qh6 Rg8 30. Nf6 Rg7 31. Rh5 Nf8 32. Rg5 Rxg5 33. Qxg5 Ng6
34. Qh6 Nf8 35. Qg5 Ng6 36. Qh6 Nf8 37. h3 d5 38. Rf5 Qd1+ 39. Kh2 dxe4 40. Rg5
Qd6+ 41. Rg3 1-0

[Event "SC Rochade Rüttenscheid 1 - SG Witten "]
[Site "Verbandsklasse - Gruppe 3 201"]
[Date "2018.11.04"]
[Round "3.6"]
[White "Kiparski, Manuel"]
[Black "Stephan, Joerg"]
[Result "1/2-1/2"]
[WhiteElo "1790"]
[BlackElo "1738"]
[PlyCount "42"]
[EventDate "2018.??.??"]

1. d4 d5 2. c4 c6 3. Nf3 Nf6 4. Nc3 e6 5. cxd5 exd5 6. Qc2 Be7 7. h3 Nbd7 8.
Bf4 O-O 9. e3 Re8 10. Bd3 Nf8 11. O-O Bd6 12. Bxd6 Qxd6 13. Rab1 a5 14. Na4
N8d7 15. Rbc1 h6 16. Nh4 Ne4 17. Nf3 Qe7 18. Nd2 Ng5 19. Bf5 Nf6 20. Bxc8 Raxc8
21. Nf3 Nxf3+ 1/2-1/2

[Event "SC Rochade Rüttenscheid 1 - SG Witten "]
[Site "Verbandsklasse - Gruppe 3 201"]
[Date "2018.11.04"]
[Round "3.7"]
[White "Carls, Christoph"]
[Black "Bruckmann, Jochen"]
[Result "0-1"]
[WhiteElo "1718"]
[BlackElo "1778"]
[Annotator "Daniel"]
[PlyCount "90"]
[EventDate "2018.??.??"]

1. d4 b6 2. c4 e6 3. Nc3 Bb7 4. e4 Bb4 5. Bd3 Ne7 6. Nge2 O-O 7. Ng3 f5 8. f4
c5 9. d5 fxe4 10. Ngxe4 Nf5 11. O-O Bxc3 12. Nxc3 exd5 13. cxd5 Qf6 14. Rf3
Qd4+ 15. Kh1 Bxd5 16. Nxd5 Qxd5 17. b3 Qd4 18. Rb1 Qf6 19. g4 Nd4 20. Rh3 g6
21. Bb2 Nbc6 22. f5 Ne5 23. Be4 Rae8 24. Bd5+ Kh8 25. fxg6 Qxg6 26. Rc1 Qxg4
27. Qxg4 Nxg4 28. Rf3 Rxf3 29. Bxf3 Nf2+ 30. Kg2 Nd3 31. Bxd4+ cxd4 32. Rd1
Ne1+ 33. Kf2 Nxf3 34. Kxf3 Kg7 35. Rxd4 Re7 36. a4 $11 Kf6 37. h4 Rf7 38. Ke3
Re7+ 39. Kd3 Rg7 40. Kc4 Ke5 41. Rd5+ Ke6 42. Rh5 d6 43. Rh6+ Ke5 44. Rh5+ Ke4
45. Rd5 Rc7+ 0-1

[Event "SC Rochade Rüttenscheid 1 - SG Witten "]
[Site "Verbandsklasse - Gruppe 3 201"]
[Date "2018.11.04"]
[Round "3.8"]
[White "Furchtbar, Uwe"]
[Black "Aufermann, Dirk"]
[Result "0-1"]
[WhiteElo "1778"]
[BlackElo "1753"]
[PlyCount "128"]
[EventDate "2018.??.??"]

1. e4 Nf6 2. e5 Nd5 3. d4 Nc6 4. Nf3 d6 5. Be2 e6 6. c4 Nb6 7. exd6 cxd6 8. O-O
Be7 9. Nc3 O-O 10. Be3 Bf6 11. Ne4 h6 12. Rc1 d5 13. Nxf6+ Qxf6 14. c5 Nd7 15.
Qd2 e5 16. dxe5 Ndxe5 17. Nxe5 Qxe5 18. Bf4 Qd4 19. Rfd1 Qf6 20. Bd6 Re8 21.
Bf3 Be6 22. Bxd5 Bxd5 23. Qxd5 Re2 24. Rf1 Rxb2 25. Rc4 Re8 26. Rf4 Qe6 27.
Qxe6 Rxe6 28. a4 Ree2 29. Rc4 f6 30. Bg3 Kf7 31. Rd1 Rbd2 32. Ra1 g5 33. Rf1
Ra2 34. h4 f5 35. Bd6 Kg6 36. g4 f4 37. h5+ Kf7 38. Kg2 Re3 39. Rg1 Rea3 40.
Rcc1 Rxa4 41. Rge1 Rb4 42. Rcd1 Rbb2 43. Rf1 a5 44. Bc7 a4 45. Rd7+ Kg8 46. Rd6
a3 47. Rxh6 Rxf2+ 48. Rxf2 Rxf2+ 49. Kxf2 a2 50. Rxc6 a1=Q 51. Rg6+ Kf7 52.
Rxg5 Qd4+ 53. Kf1 Qd3+ 54. Kg1 Qe3+ 55. Kf1 Qh3+ 56. Ke2 Qg2+ 57. Kd3 f3 58.
Rf5+ Kg8 59. Bd6 Qe2+ 60. Kd4 f2 61. Rxf2 Qxf2+ 62. Ke4 Kf7 63. h6 Kg6 64. h7
Kxh7 0-1

[Event "SF Kirchhellen 1 - SF Brackel 4"]
[Site "Verbandsklasse - Gruppe 3 201"]
[Date "2018.11.04"]
[Round "3.1"]
[White "Fiebig, Thomas"]
[Black "Hoffterheide, Thomas"]
[Result "1-0"]
[WhiteElo "2417"]
[BlackElo "1954"]
[PlyCount "27"]
[EventDate "2018.??.??"]

1. e4 e5 2. Nf3 Nc6 3. Nc3 d6 4. Bb5 Bd7 5. d4 exd4 6. Nxd4 Nxd4 7. Qxd4 Bxb5
8. Nxb5 c6 9. Nc3 Qf6 10. Qa4 Nh6 11. O-O Be7 12. Nd5 Qh4 13. Nc7+ Kd7 14. Nxa8
1-0

[Event "SF Kirchhellen 1 - SF Brackel 4"]
[Site "Verbandsklasse - Gruppe 3 201"]
[Date "2018.11.04"]
[Round "3.2"]
[White "Borgs, Martin"]
[Black "Friedrichs, Klaus"]
[Result "1/2-1/2"]
[WhiteElo "1969"]
[BlackElo "2243"]
[PlyCount "29"]
[EventDate "2018.??.??"]

1. d4 f5 2. c4 Nf6 3. Nf3 e6 4. g3 d5 5. Bg2 c6 6. O-O Bd6 7. b3 Qe7 8. Bb2 b6
9. Qc1 Bb7 10. Ba3 Nbd7 11. Bxd6 Qxd6 12. Qa3 Qxa3 13. Nxa3 Ke7 14. Rfc1 Rhc8
15. Rc2 1/2-1/2

[Event "SF Kirchhellen 1 - SF Brackel 4"]
[Site "Verbandsklasse - Gruppe 3 201"]
[Date "2018.11.04"]
[Round "3.3"]
[White "Albers, Damian"]
[Black "Schueppel, Werner"]
[Result "1-0"]
[WhiteElo "2048"]
[BlackElo "1960"]
[PlyCount "45"]
[EventDate "2018.??.??"]

1. e4 g6 2. d4 Bg7 3. Bc4 d6 4. f4 c5 5. c3 Qc7 6. Bb3 e5 7. dxc5 dxc5 8. Na3
Nh6 9. Nb5 Qc6 10. Nd6+ Kf8 11. fxe5 Bg4 12. Nf3 Nd7 13. Bd5 Bxf3 14. gxf3 Qc7
15. Bxh6 Bxh6 16. Nxf7 Bg7 17. f4 Re8 18. Nxh8 Bxh8 19. Qg4 Bxe5 20. fxe5 Nxe5
21. O-O+ Kg7 22. Qf4 Qe7 23. Kh1 1-0

[Event "SF Kirchhellen 1 - SF Brackel 4"]
[Site "Verbandsklasse - Gruppe 3 201"]
[Date "2018.11.04"]
[Round "3.4"]
[White "Schlueter, Christoph"]
[Black "Reisberg, Andre"]
[Result "1/2-1/2"]
[WhiteElo "1963"]
[BlackElo "1994"]
[PlyCount "23"]
[EventDate "2018.??.??"]

1. e4 e6 2. d4 d5 3. exd5 exd5 4. Nf3 Bg4 5. Be2 Bd6 6. O-O Ne7 7. Nc3 c6 8.
Ne5 Bxe2 9. Nxe2 Bxe5 10. dxe5 Ng6 11. Re1 O-O 12. Nf4 1/2-1/2

[Event "SF Kirchhellen 1 - SF Brackel 4"]
[Site "Verbandsklasse - Gruppe 3 201"]
[Date "2018.11.04"]
[Round "3.5"]
[White "Krueger, Sven"]
[Black "Belitz, Marco"]
[Result "1/2-1/2"]
[WhiteElo "1952"]
[BlackElo "1829"]
[PlyCount "31"]
[EventDate "2018.??.??"]

1. e4 c5 2. Nf3 e6 3. d3 Nc6 4. g3 Nf6 5. Bg2 Be7 6. O-O d5 7. e5 Nd7 8. Re1
Qc7 9. Qe2 b6 10. Bf4 Bb7 11. Nbd2 h6 12. h4 O-O 13. Nf1 Rac8 14. N1h2 Rfd8 15.
Bh3 Bf8 16. Qd2 1/2-1/2

[Event "SF Kirchhellen 1 - SF Brackel 4"]
[Site "Verbandsklasse - Gruppe 3 201"]
[Date "2018.11.04"]
[Round "3.6"]
[White "Gajda, Peter"]
[Black "Siebert, Martin"]
[Result "1/2-1/2"]
[WhiteElo "1824"]
[BlackElo "1945"]
[PlyCount "37"]
[EventDate "2018.??.??"]

1. d4 e6 2. Nf3 d5 3. g3 c5 4. Bg2 Nc6 5. O-O Qb6 6. e3 Nf6 7. b3 Be7 8. Bb2 c4
9. Qc1 cxb3 10. axb3 Bd7 11. Ba3 Rc8 12. Bxe7 Nxe7 13. Nbd2 O-O 14. Ne5 Bb5 15.
c4 Ng6 16. Qa3 dxc4 17. bxc4 Ba6 18. Nxg6 hxg6 19. Rfc1 1/2-1/2

[Event "SF Kirchhellen 1 - SF Brackel 4"]
[Site "Verbandsklasse - Gruppe 3 201"]
[Date "2018.11.04"]
[Round "3.7"]
[White "Lennartz, Christina"]
[Black "Langer, Raimund"]
[Result "1/2-1/2"]
[WhiteElo "1637"]
[BlackElo "1777"]
[PlyCount "30"]
[EventDate "2018.??.??"]

1. d4 Nf6 2. g3 e6 3. Bg2 d5 4. Nf3 Be7 5. O-O O-O 6. Nbd2 Nbd7 7. b3 b6 8. c4
Bb7 9. Bb2 c5 10. Rc1 Rc8 11. e3 Re8 12. Rc2 dxc4 13. Nxc4 cxd4 14. Qxd4 Nc5
15. Qxd8 Rexd8 1/2-1/2

[Event "SF Kirchhellen 1 - SF Brackel 4"]
[Site "Verbandsklasse - Gruppe 3 201"]
[Date "2018.11.04"]
[Round "3.8"]
[White "Kueper, Peter"]
[Black "Schroelkamp, Carsten"]
[Result "1-0"]
[WhiteElo "1845"]
[BlackElo "1622"]
[PlyCount "77"]
[EventDate "2018.??.??"]

1. e4 c6 2. d4 d5 3. exd5 cxd5 4. c4 Nf6 5. Nc3 g6 6. Nf3 Bg7 7. c5 Nc6 8. Be2
Ne4 9. Qd3 O-O 10. Nxe4 dxe4 11. Qxe4 Bf5 12. Qe3 Nxd4 13. Nxd4 Bxd4 14. Qa3
Qd5 15. Be3 Qxg2 16. O-O-O Bxe3+ 17. Qxe3 Qe4 18. Qxe4 Bxe4 19. f3 Bc6 20. Rd4
Rfd8 21. Rhd1 Rxd4 22. Rxd4 Rc8 23. Kd2 Kg7 24. Ke3 f5 25. f4 Re8 26. b4 e5 27.
fxe5 Rxe5+ 28. Kf2 Re4 29. Rxe4 Bxe4 30. Ke3 g5 31. Kd4 Kf6 32. Bd1 g4 33. Bxg4
Bg2 34. Be2 f4 35. Bd3 h6 36. Be4 Bxe4 37. Kxe4 Kg5 38. b5 Kg4 39. c6 1-0

[Event "SC Listiger Bauer Essen 1 - SV Waltrop "]
[Site "Verbandsklasse - Gruppe 3 201"]
[Date "2018.11.04"]
[Round "3.1"]
[White "Gasper, Joern"]
[Black "Kunisch, Siegfried"]
[Result "1-0"]
[WhiteElo "2033"]
[BlackElo "2041"]
[PlyCount "39"]
[EventDate "2018.??.??"]

1. d4 Nf6 2. Bf4 d5 3. e3 e6 4. Nf3 Be7 5. Bd3 b6 6. c3 O-O 7. Nbd2 Ba6 8. Bc2
c5 9. Ne5 Qc8 10. h4 Nbd7 11. Ndf3 Nxe5 12. dxe5 Ne4 13. Ng5 Qc6 14. Qh5 h6 15.
Nxe4 dxe4 16. Bxh6 f5 17. Bxg7 Kxg7 18. Rh3 Qb5 19. Rg3+ Bg5 20. Rxg5# 1-0

[Event "SC Listiger Bauer Essen 1 - SV Waltrop "]
[Site "Verbandsklasse - Gruppe 3 201"]
[Date "2018.11.04"]
[Round "3.2"]
[White "Mandl, Stefan"]
[Black "Eckert, Marius"]
[Result "1/2-1/2"]
[WhiteElo "1933"]
[BlackElo "2032"]
[Annotator "Daniel"]
[PlyCount "131"]
[EventDate "2018.??.??"]

1. e4 e5 2. Nf3 Nc6 3. Bc4 Be7 4. O-O Nf6 5. d3 O-O 6. Re1 d6 7. c3 a6 8. Bb3
Na5 9. Bc2 c5 10. Nbd2 Nc6 11. Nf1 b5 12. Ng3 Rb8 13. d4 cxd4 14. cxd4 Qc7 15.
d5 Nb4 16. Bb3 a5 17. Bd2 Na6 18. Rc1 Qd8 19. Bc2 Bd7 20. Qe2 Qb6 21. Nh4 g6
22. Nf3 Rfc8 23. h3 $11 Rc7 24. Bb1 Rbc8 25. Rxc7 Rxc7 26. Rc1 b4 27. Bd3 Nc5
28. Be3 Bc8 29. Nd2 Nfd7 30. Bb5 Qb8 31. b3 Ba6 32. Bxa6 Nxa6 33. Nc4 Qb5 34.
Qg4 Nf6 35. Qf3 a4 36. Nxd6 Qd3 37. Rxc7 Nxc7 38. Nc4 axb3 39. axb3 Qxb3 40.
Nxe5 Qc3 41. Nc6 Bf8 42. Bd4 Qxf3 43. gxf3 Nd7 $11 44. Ne2 Nb5 45. Nc1 Nb8 46.
Nb3 Nxc6 47. dxc6 Bd6 48. Kf1 Kf8 49. Ke2 Ke8 50. Kd3 Kd8 51. Kc4 Nc7 52. e5
Be7 53. Bc5 Ne6 54. Kxb4 Bxc5+ 55. Nxc5 Ng5 56. f4 Nxh3 57. Nd3 h5 58. Kc5 Kc7
59. Kd5 h4 60. f3 Ng1 61. e6 fxe6+ 62. Kxe6 h3 63. Kf6 Ne2 64. Kg5 h2 65. Nf2
Kxc6 66. f5 1/2-1/2

[Event "SC Listiger Bauer Essen 1 - SV Waltrop "]
[Site "Verbandsklasse - Gruppe 3 201"]
[Date "2018.11.04"]
[Round "3.3"]
[White "Winterberg, Andreas"]
[Black "Ball, Joerg"]
[Result "1-0"]
[WhiteElo "1986"]
[BlackElo "1895"]
[PlyCount "29"]
[EventDate "2018.??.??"]

1. e4 g6 2. d4 Bg7 3. Nc3 c5 4. dxc5 Bxc3+ 5. bxc3 Qa5 6. Nf3 Qxc3+ 7. Bd2 Qxc5
8. Bd3 Nc6 9. O-O d6 10. Rb1 b6 11. Rb5 Qa3 12. Qa1 f6 13. Rb3 Qa4 14. Bb5 Qxe4
15. Re1 1-0

[Event "SC Listiger Bauer Essen 1 - SV Waltrop "]
[Site "Verbandsklasse - Gruppe 3 201"]
[Date "2018.11.04"]
[Round "3.4"]
[White "Wagner, Ole"]
[Black "Dunsche, Daniel"]
[Result "1-0"]
[WhiteElo "1904"]
[BlackElo "1930"]
[PlyCount "99"]
[EventDate "2018.??.??"]

1. Nf3 c5 2. b3 g6 3. Bb2 Nf6 4. e4 d6 5. Bb5+ Bd7 6. Bxf6 exf6 7. Bxd7+ Nxd7
8. O-O Bg7 9. Re1 O-O 10. Nc3 Ne5 11. Nxe5 fxe5 12. Nd5 f5 13. d3 Rf7 14. f3
Qg5 15. Qe2 Raf8 16. Rf1 Kh8 17. c4 Qh5 18. g4 fxg4 19. fxg4 Qh3 20. Rxf7 Rxf7
21. Rd1 Bh6 22. Qg2 Be3+ 23. Kh1 Qh6 24. Rf1 Bf4 25. Rf3 Qh4 26. Qh3 Qe1+ 27.
Qf1 Qxf1+ 28. Rxf1 Kg7 29. Kg2 Kh6 30. h4 g5 31. h5 Kg7 32. a3 h6 33. b4 Kf8
34. b5 Ke8 35. a4 Kf8 36. a5 Ke8 37. a6 bxa6 38. bxa6 Kd8 39. Ne3 Rf6 40. Nf5
d5 41. Ra1 dxe4 42. dxe4 Kc7 43. Ne7 Rf7 44. Nd5+ Kc6 45. Rb1 Bd2 46. Rb8 Rh7
47. Rg8 Rd7 48. Rg6+ Rd6 49. Ne7+ Kd7 50. Rxd6+ 1-0

[Event "SC Listiger Bauer Essen 1 - SV Waltrop "]
[Site "Verbandsklasse - Gruppe 3 201"]
[Date "2018.11.04"]
[Round "3.5"]
[White "Drewes, Martin"]
[Black "Petri, Norbert"]
[Result "1-0"]
[WhiteElo "1934"]
[BlackElo "1864"]
[PlyCount "41"]
[EventDate "2018.??.??"]

1. e4 d6 2. d4 Nf6 3. Nc3 g6 4. g3 Bg7 5. Bg2 O-O 6. Nge2 e5 7. O-O Nc6 8. h3
exd4 9. Nxd4 Nxd4 10. Qxd4 Re8 11. Qd3 Be6 12. Be3 h6 13. Rad1 Qe7 14. Rfe1 Kh7
15. Kh2 Rad8 16. f4 a6 17. Bf2 Bc8 18. g4 b6 19. Qc4 a5 20. Qc6 Qd7 21. e5 1-0

[Event "SC Listiger Bauer Essen 1 - SV Waltrop "]
[Site "Verbandsklasse - Gruppe 3 201"]
[Date "2018.11.04"]
[Round "3.8"]
[White "Jurev, Sergej"]
[Black "Neumann, Robert"]
[Result "0-1"]
[WhiteElo "1780"]
[BlackElo "1772"]
[PlyCount "64"]
[EventDate "2018.??.??"]

1. d4 Nf6 2. c4 c5 3. d5 b5 4. cxb5 a6 5. b6 Qxb6 6. Nc3 g6 7. e4 d6 8. Be2 Bg7
9. Nf3 Nbd7 10. O-O O-O 11. Kh1 Rb8 12. Nd2 h6 13. f4 a5 14. a4 Qb4 15. Bb5 Nb6
16. Nc4 Nxc4 17. Na2 Nxb2 18. Nxb4 Nxd1 19. Nc6 Rb7 20. Rxd1 Nxe4 21. Be3 Bxa1
22. Rxa1 Nc3 23. Nxa5 Rxb5 24. axb5 Nxb5 25. Nc6 Re8 26. Ra8 Kf8 27. Ra2 Nc3
28. Rd2 Bf5 29. Na5 Be4 30. f5 g5 31. f6 exf6 32. Nc4 Bxd5 0-1

[Event "SC Doppelb. Brambauer 1 - Mülheim-Nord4"]
[Site "Verbandsklasse - Gruppe 3 201"]
[Date "2018.11.04"]
[Round "3.1"]
[White "Oltmanns, Jan"]
[Black "Wagner, Norbert"]
[Result "1-0"]
[WhiteElo "1909"]
[BlackElo "2030"]
[PlyCount "59"]
[EventDate "2018.??.??"]

1. Nf3 f5 2. g3 g6 3. d4 Bg7 4. Bg2 c6 5. c4 d6 6. O-O Nh6 7. Nc3 Nf7 8. Qc2
O-O 9. b3 e5 10. dxe5 dxe5 11. Ba3 Re8 12. e4 Qf6 13. exf5 gxf5 14. Nh4 Na6 15.
Rad1 Be6 16. Bh3 e4 17. Ne2 Rad8 18. Nf4 Ng5 19. Bg2 Bf7 20. Rxd8 Rxd8 21. Rd1
Re8 22. Rd7 e3 23. Nxf5 e2 24. Nxe2 Qe6 25. Re7 Rxe7 26. Nxe7+ Kh8 27. Qd2 h6
28. h4 Ne4 29. Qd8+ Kh7 30. Qd3 1-0